000 00319nam a22001217a 4500
020 _a8131707024
082 _222
_a629.89219
100 _aSchilling, Robert J.
245 _aFundamentals of robotiocs /
260 _aNew Delhi,
_bPearson Education,
_cc2007.
300 _axvii, 425 p. ;
_bill. ;
_c24 cm.
942 _2ddc
_cEE
999 _c2066
_d2066